Online Catalogue and eLibrary

Women and poverty (Record no. 1321)

MARC details
000 -LEADER
fixed length control field 00433nam a2200181Ia 4500
005 - DATE AND TIME OF LATEST TRANSACTION
control field 20241217020511.0
008 - FIXED-LENGTH DATA ELEMENTS--GENERAL INFORMATION
fixed length control field 240331s9999 xx 000 0 und d
082 ## - DDC Classification
Item Number - Author Mark KHA
DDC Edition Number 5569
Class No. 305
245 #0 - TITLE STATEMENT
Title Women and poverty
260 ## - PUBLICATION, DISTRIBUTION, ETC.
Place of publication, distribution, etc. Dhaka
Name of publisher, distributor, etc. Women for Women
Date of publication, distribution, etc. 1997
300 ## - PHYSICAL DESCRIPTION
Extent (e.g. Volumes, Pages etc.) vii, 102 p.,
650 ## - SUBJECT ADDED ENTRY--TOPICAL TERM
Topical term or geographic name entry element Women
650 ## - SUBJECT ADDED ENTRY--TOPICAL TERM
Topical term or geographic name entry element Poverty
700 ## - ADDED ENTRY--PERSONAL NAME
Personal name Salahuddin, K
Relator term (Role) Editor
700 ## - ADDED ENTRY--PERSONAL NAME
Personal name Jahan, R
Relator term (Role) Editor
700 ## - ADDED ENTRY--PERSONAL NAME
Personal name Islam, M
Relator term (Role) Editor
942 ## - Koha item type (Biblio)
Koha item type Books in Stacks (Lending)
Holdings
Lost status Damaged status Collection code Home library Current library Shelving location Date acquired Full call number Accession Number Item type
    Lending WERC Library WERC Library Social Science Cupboard 03/31/2024 305 WOM 5569 Books in Stacks (Lending)

© WERC Library